00840cam a22002297a 4500003000500000005001700005008004100022010001000063011001000073035001000083040000900093100003600102245018100138260004100319300001000360502006900370530003600439650002600475650002300501650002300524856006300547CHAP20220817043937.0040602s2004 mx r 00010 spa d a88393 a89365 a99916 cCHAP00aHernández Solares, Heriberto.10aProducción y distribución de biomasa en plantas fructificantes de durazno (Prunus persica L. Batsch.) en un ambiente semicalido húmedoc/por Heriberto Hernández Solares aChapingo, Méx. :bEl autor,c2004. a60 h. aTesis (M.C. en Horticultura) -- UACH. Departamento de Fitotecnia aTambién disponible en línea14aDuraznoxCrecimiento.14aDuraznoxInjertos.14aDuraznoxVeracruz. 3Finding aiduhttp://10.13.5.2/tesis/99916.pdfzTeclea aqui